[Event "17th Asian Continental-ch Open 2018"]
[Site "Makati City"]
[Date "2018.12.10"]
[Round "1.18"]
[White "Wang, Shixu B"]
[Black "Puranik, Abhimanyu"]
[Result "0-1"]
[WhiteElo "2342"]
[BlackElo "2544"]
[Annotator "TA"]
[PlyCount "72"]
[EventDate "2018.12.07"]
[EventType "swiss"]
[EventRounds "9"]
[EventCountry "PHI"]

{[%evp 21,72,37,12,0,0,0,0,0,6,0,0,0,0,0,0,0,0,0,23,0,-16,-24,-18,-37,-38,-39,-27,-161,-163,-141,-155,-161,-131,-169,-168,-169,-168,-174,-188,-192,-177,-331,-322,-820,-412,-413,-413,-783,-769,-752,-754,-29988,-29989]} 1. d4 Nf6 2. c4 g6 3. Nc3 d5 4. Bg5 Ne4 5. Bh4 Nxc3 6. bxc3 dxc4 7. e3 Be6 8. Be2 Bg7 9. Nf3 Nd7 {D91: Grünfeld: 4 Nf3 Bg7 5 Bg5} 10. O-O Nb6 11. Qc2 O-O {LiveBook: 19 Games. White is slightly better.} 12. Bg3 (12. Rfb1 Bd7 13. a4 a5 14. Bg3 Bc6 15. e4 Qd7 16. Rxb6 cxb6 {½-½ (101) Tomashevsky,E (2696)-Vachier Lagrave,M (2795) Moscow 2017}) 12... Rc8 13. a4 a5 14. Rfb1 c5 15. Rb5 cxd4 16. Nxd4 Bd7 17. Rxa5 Na8 18. Rd5 Nb6 {[%cal Ba8b6,Bb6d5,Bd5e3][%mdl 32]} 19. Ra5 $146 Re8 20. Ra7 e5 $36 {[%mdl 2048] Black fights for an advantage.} 21. Nb5 Bc6 22. Rd1 Qe7 $1 23. a5 Nd5 {Threatens to win with ...Qc5.} 24. e4 (24. Bxc4 $11 {and White is okay.} Qc5 25. Qb3) 24... Ne3 $1 $19 {[%cal Re3c2]} 25. fxe3 Bxb5 26. Rd5 Ba6 ({Don't do} 26... Bc6 27. Bxc4 Bh6 28. Qd3 $17) 27. Qb2 {[#]} Bh6 $1 {[%cal Rh6e3,Bg7h6,Bh6f8,Bf8c5,Bc5e3,Be3f2][%mdl 32]} 28. Bf2 Rcd8 29. Qb6 Bf8 30. Rxa6 Rxd5 ({Resist} 30... bxa6 31. Qxa6 Rxd5 32. exd5 $17) 31. Ra7 $2 (31. exd5 {is the only way for White.} bxa6 32. g3) 31... Rd7 32. Bxc4 $2 (32. Qb5) 32... Qc5 33. Bd5 Qxc3 34. h3 (34. g3 $142 Bc5 35. Qb5 Bxe3 36. Bxe3 Qxe3+ {[%mdl 64] Double Attack} 37. Kg2) 34... Bc5 35. Qb5 {[#]} Bxe3 $1 {[%mdl 512] ( -> ...Qe1+)} 36. Kh2 Bxf2 {Accuracy: White = 23%, Black = 86%.} 0-1

[Event "17th Asian Continental-ch Open 2018"]
[Site "Makati City"]
[Date "2018.12.10"]
[Round "1.19"]
[White "Ghaem Maghami, Ehsan"]
[Black "Lye, Lik Zang"]
[Result "0-1"]
[WhiteElo "2537"]
[BlackElo "2321"]
[Annotator "TA"]
[PlyCount "64"]
[EventDate "2018.12.07"]
[EventType "swiss"]
[EventRounds "9"]
[EventCountry "PHI"]

{[%evp 21,64,13,22,-12,0,0,0,-53,-45,-82,-62,-63,18,0,32,16,31,0,29,42,51,41,65,26,46,52,33,-145,-161,-235,-240,-246,-229,-523,-525,-622,-629,-765,-778,-772,-725,-29978,-29976,-2154,-1790]} 1. c4 c6 2. Nf3 d5 3. d4 Nf6 4. e3 Bf5 5. Nc3 e6 6. Nh4 Be4 7. f3 Bg6 8. Qb3 Qc7 9. Bd2 {D12: Slav Defence: 3 Nf3 Nf6 4 e3 Bf5} Be7 10. O-O-O dxc4 11. Qxc4 (11. Bxc4 a6 12. Be2 Nbd7 13. Nxg6 hxg6 14. Kb1 c5 15. d5 exd5 16. Nxd5 Nxd5 17. Qxd5 {0-1 (31) Karjakin,S (2773)-Caruana,F (2822) Saint Louis 2018}) 11... a6 {LiveBook: 6 Games} 12. Qb3 $146 ({Predecessor:} 12. g4 b5 13. Qe2 c5 14. Nxg6 hxg6 15. dxc5 Qxc5 16. Kb1 Nc6 {½-½ (37) Gustafsson,J (2646)-Ragger,M (2572) Rijeka 2010}) 12... b5 13. Nxg6 hxg6 14. e4 (14. Ne4 $11) 14... c5 $1 $15 {[%cal Rc5d4]} 15. d5 c4 16. Qc2 e5 (16... exd5 $1 $15 17. Nxd5 Nxd5 18. exd5 Nd7) 17. g4 $11 Bd6 18. h4 Nbd7 19. Kb1 Nc5 20. Be3 Rb8 21. Ne2 $1 Ke7 22. Bg5 Rhc8 {[%cal Bh8c8,Bc8c7,Bc7c3][%mdl 32]} 23. h5 Qa5 24. Bd2 $2 {[#]} (24. Nc1 $14 {stays ahead.}) 24... b4 $1 $17 25. g5 (25. Be1 $142) 25... Nxh5 $19 26. Bh3 Rc7 27. Qxc4 $2 (27. Be1 {might work better.} c3 28. b3) 27... Na4 28. Qb3 {[#]} Rc3 $3 {[%mdl 512]} 29. bxc3 bxc3 30. Qxb8 Bxb8 31. Nxc3 Qb4+ 32. Kc2 Qb2+ {Accuracy: White = 35%, Black = 47%.} 0-1

[Event "17th Asian Continental-ch Open 2018"]
[Site "Makati City"]
[Date "2018.12.10"]
[Round "1.20"]
[White "Quizon, Daniel"]
[Black "Xu, Yi"]
[Result "0-1"]
[WhiteElo "2314"]
[BlackElo "2533"]
[Annotator "TA"]
[PlyCount "76"]
[EventDate "2018.12.07"]
[EventType "swiss"]
[EventRounds "9"]
[EventCountry "PHI"]

{[%evp 23,76,-15,-16,-16,-20,-17,4,0,0,-1,0,6,8,18,9,0,0,0,0,0,0,-23,-20,-64,0,-88,-71,-175,-165,-194,-189,-225,-218,-230,-228,-281,-268,-289,-284,-279,-252,-441,-443,-666,-486,-582,-596,-557,-546,-704,-479,-610,-390,-711,-708]} 1. e4 c5 2. Nc3 Nc6 3. g3 g6 4. Bg2 Bg7 5. Nge2 e6 6. d3 Nge7 7. O-O O-O 8. Be3 Nd4 9. Qd2 d6 10. Nd1 Rb8 11. c3 Nxe2+ 12. Qxe2 b6 {LiveBook: 6 Games} 13. Qd2 {B26: Closed Sicilian: 3 g3, lines with early Be3} Ba6 14. f3 $146 ({Predecessor:} 14. f4 Qc7 15. Bf2 f5 16. Re1 e5 17. Ne3 Bb7 18. Rad1 Rbd8 19. b4 exf4 20. gxf4 cxb4 21. cxb4 {1-0 (55) Kornasiewicz,S (2335)-Bastian,H (2375) Germany 1998}) 14... f5 15. Nf2 {The position is equal.} Qd7 16. Rfd1 Nc6 17. Bh6 d5 18. Bxg7 Kxg7 19. d4 dxe4 20. fxe4 Rbd8 {[%cal Rc5d4]} 21. exf5 Rxf5 {[%cal Rc5d4]} 22. g4 Rff8 {[%cal Rc5d4]} 23. d5 Ne7 (23... Qf7 $15 24. dxe6 Qxe6) 24. d6 (24. c4 $11) 24... Nd5 $1 $17 25. Bxd5 (25. c4 $17 Bxc4 26. b3) 25... Qxd6 $19 26. Ne4 Qxd5 27. Qxd5 exd5 28. Ng3 Rf4 29. h3 d4 30. cxd4 cxd4 ({But not} 30... Rfxd4 31. Rxd4 cxd4 32. Re1 $19) 31. Re1 Rd7 32. Re4 $2 {[#]} (32. Ne4) 32... Rf3 33. Kg2 (33. Ne2 $142 Bb7 34. Rxd4) 33... Rd3 34. Rf4 Bb7+ 35. Kf2 Rd2+ 36. Ke1 Rxb2 37. Rd1 Rxa2 38. Rfxd4 $2 {[#]} (38. Rdxd4 Re7+ 39. Kd1) 38... Re7+ {Precision: White = 29%, Black = 77%.} 0-1

[Event "17th Asian Continental-ch Open 2018"]
[Site "Makati City"]
[Date "2018.12.10"]
[Round "1.21"]
[White "Lalith Babu M R"]
[Black "Montoya, Edsel"]
[Result "1-0"]
[WhiteElo "2529"]
[BlackElo "2312"]
[Annotator "RC"]
[PlyCount "77"]
[EventDate "2018.12.07"]
[EventType "swiss"]
[EventRounds "9"]
[EventCountry "PHI"]
[TimeControl "40/5400+30:1800+30"]

1. c4 Nf6 2. g3 g6 3. Bg2 Bg7 4. Nf3 O-O 5. O-O d6 6. d4 Nc6 7. Nc3 e5 8. d5 Nb8 9. c5 Na6 10. cxd6 cxd6 11. Nd2 Bd7 12. a4 Ne8 13. Nc4 Rc8 14. b3 e4 15. Bb2 f5 16. Rc1 Nc5 17. b4 Na6 18. Qb3 b6 19. Rfd1 Qe7 20. e3 Nf6 21. Bf1 Nc7 22. b5 Nce8 23. a5 Rb8 24. axb6 axb6 25. Na4 g5 26. Naxb6 f4 27. Nxd7 Nxd7 28. Na5 fxg3 29. fxg3 Qf7 30. Bxg7 Nxg7 31. Nc6 Rb7 32. Bg2 Nc5 33. Rxc5 Qf2+ 34. Kh1 dxc5 35. d6+ Kh8 36. Rf1 Qxf1+ 37. Bxf1 Rxf1+ 38. Kg2 Rbf7 39. Qb2 1-0

[Event "17th Asian Continental-ch Open 2018"]
[Site "Makati City"]
[Date "2018.12.10"]
[Round "1.22"]
[White "Turqueza, Mari Joseph"]
[Black "Tran, Tuan Minh"]
[Result "0-1"]
[WhiteElo "2305"]
[BlackElo "2524"]
[Annotator "TA"]
[PlyCount "58"]
[EventDate "2018.12.07"]
[EventType "swiss"]
[EventRounds "9"]
[EventCountry "PHI"]

{[%evp 17,58,38,125,40,35,40,93,102,105,101,94,0,0,0,27,-118,-102,-118,-123,-128,-111,-184,-183,-181,-179,-192,-181,-245,-263,-356,-335,-437,-454,-454,-422,-447,-453,-537,-549,-524,-522,-658,-482]} 1. d4 Nf6 2. c4 e6 3. Nf3 b6 4. g3 Ba6 5. Nbd2 c5 6. e4 cxd4 {E15: Queen's Indian: 4 g3 sidelines, 4 g3 Ba6 and 4 g3 Bb7 early deviations} 7. e5 Ng8 8. Bg2 Nc6 9. O-O Nge7 {LiveBook: 3 Games} (9... Rb8 $14) 10. Ne4 $146 {[%cal Re4d6]} ({Predecessor:} 10. b4 Bb7 11. b5 Na5 12. Bb2 Nf5 13. Nxd4 Bxg2 14. Kxg2 Nxd4 15. Bxd4 {0-1 (109) Keymer,V (2419)-Kunin,V (2590) Heusenstamm 2016}) 10... Ng6 $1 11. Bg5 Qb8 (11... Qc8 $14) 12. Nxd4 Ncxe5 13. f4 Bxc4 14. Rf2 (14. fxe5 $16 {Hoping for Rf2.} Bxf1 15. Qxf1 (15. Bxf1 Qxe5 16. Qd2 h6 $11)) 14... Nd3 $11 {aiming for ...h6.} 15. Rd2 h6 16. Rxd3 (16. f5 $11 {keeps the balance.} hxg5 17. fxg6) 16... hxg5 17. Nxg5 {Rc3 is the strong threat.} Bxd3 18. Qxd3 {And now Ndxe6! would win.} Bc5 {White must now prevent ...Nxf4!} 19. b4 {[#]} (19. Rd1 $17) 19... Nxf4 $1 $19 20. gxf4 {[#]} Qxf4 $1 {[%mdl 576] Double Attack} 21. bxc5 {Threatens to win with Nh3.} Qxg5 22. Re1 (22. Rd1 $142) 22... bxc5 23. Nf5 {[#] With the idea Nd6+.} O-O $1 24. Ng3 d5 {Black is clearly winning.} 25. Qc3 Rac8 26. Re5 Qf4 27. Ne2 Qf6 28. Qg3 c4 {[%cal Bc5c4,Bc4c3][%mdl 32]} 29. Nd4 c3 {Accuracy: White = 41%, Black = 69%.} 0-1

[Event "17th Asian Continental-ch Open 2018"]
[Site "Makati City"]
[Date "2018.12.10"]
[Round "1.23"]
[White "Megaranto, Susanto"]
[Black "Jacutina, John Merill"]
[Result "1-0"]
[WhiteElo "2512"]
[BlackElo "2296"]
[Annotator "TA"]
[PlyCount "71"]
[EventDate "2018.12.07"]
[EventType "swiss"]
[EventRounds "9"]
[EventCountry "PHI"]

{[%evp 21,71,7,24,0,0,0,0,0,0,0,6,6,0,0,0,0,0,-41,0,0,0,-16,51,51,51,53,42,45,44,35,38,25,101,94,297,287,281,255,304,298,470,461,461,468,645,683,657,658,840,842,830,823]} 1. d4 Nf6 2. Nf3 d5 3. c4 c6 4. Nc3 dxc4 5. a4 Bf5 6. e3 e6 7. Bxc4 Bb4 8. O-O Nbd7 {[%cal Bb8d7,Bd7b6,Bb6c4][%mdl 32]} 9. h3 O-O 10. Nh4 Nb6 {D18: Slav Defence: 5 a4 Bf5 6 e3} (10... Bg6 11. Nxg6 hxg6 12. Qb3 Qb6 13. Rd1 Rad8 14. Bd2 Ba5 15. Rac1 c5 16. d5 Bxc3 17. Bxc3 Qxb3 18. Bxb3 Nxd5 19. Bxd5 exd5 20. Rxd5 Nb6 21. Rxc5 Nxa4 {1-0 (45) Ponomariov,R (2706)-Najer,E (2687) Dortmund 2016}) 11. Bb3 a5 {LiveBook: 5 Games} 12. Qf3 $146 ({Predecessor:} 12. Nxf5 exf5 13. Qf3 g6 14. g4 fxg4 15. hxg4 c5 16. dxc5 Nbd7 17. Rd1 Qe7 18. g5 {1-0 (30) Kashlinskaya,A (2419)-Goryachkina,A (2432) Vladivostok 2014}) 12... Bd3 {The position is equal.} 13. Rd1 Bc4 14. Bxc4 Nxc4 15. e4 {[%cal Be3e4,Be4e5,Be5d6][%mdl 32]} Bxc3 16. bxc3 b5 17. Qe2 Nd6 18. e5 {[#] And now Bg5 would win.} Nd5 19. exd6 {Hoping for Qg4.} Qxh4 20. Bd2 b4 $1 21. cxb4 Qxd4 (21... axb4 $11 22. Qe5 Rfb8) 22. bxa5 $14 Qc5 $1 23. Rdc1 $36 {[%mdl 2048] White is more active.} Qxd6 24. Qc4 Rfc8 25. Rab1 h6 26. Rb3 e5 (26... Ne7 $11 {keeps the balance.} 27. Rd3 Nd5) 27. Rb7 $16 Qe6 $2 (27... Nc7 $16) 28. a6 $18 {[%cal Ba5a6,Ba6a7][%mdl 32]} Kh7 29. a5 c5 30. a7 f5 (30... e4 {was necessary.} 31. Rcb1 Rc6) 31. Rcb1 {White is clearly winning.} Rc6 {[#]} 32. Bxh6 $1 {[%mdl 576] Pin} Ne7 (32... Qxh6 33. Qxd5) 33. Qxe6 Rxe6 34. Be3 Nd5 35. Bxc5 Ra6 36. Rb8 {Accuracy: White = 60%, Black = 37%.} 1-0

[Event "17th Asian Continental-ch Open 2018"]
[Site "Makati City"]
[Date "2018.12.10"]
[Round "1.24"]
[White "Young, Angelo"]
[Black "Tan, Zhongyi"]
[Result "0-1"]
[WhiteElo "2282"]
[BlackElo "2508"]
[Annotator "TA"]
[PlyCount "68"]
[EventDate "2018.12.07"]
[EventType "swiss"]
[EventRounds "9"]
[EventCountry "PHI"]

{[%evp 13,68,-18,-10,-25,-13,-37,-33,-47,-26,-57,-60,-50,-58,-65,-62,-78,-64,-47,-46,-95,-55,-92,-72,-108,-79,-130,-127,-125,-93,-110,-110,-114,-103,-116,-107,-235,-245,-258,-249,-297,-281,-279,-283,-277,-279,-483,-488,-511,-517,-710,-688,-652,-621,-1069,-1061,-1275,-1090]} 1. d4 Nf6 2. Nf3 e6 3. g3 b5 4. Bg2 Bb7 5. c3 Be7 6. a4 b4 7. O-O O-O {LiveBook: 4 Games} 8. cxb4 {A46: 1 d4 Nf6 2 Nf3 e6: Torre, London and Colle Systems} Bxb4 9. a5 Na6 10. Bg5 $146 {Black is slightly better.} ({Predecessor:} 10. Bd2 Rb8 11. Nc3 d5 12. Ne5 Nd7 {1-0 (54) Martorelli,A (2219)-Caprio,G (2430) Civitanova Marche 2012}) 10... Rb8 11. Qd3 Be7 12. Nc3 c5 13. Rfd1 Nb4 14. Qb1 c4 15. Bf4 d6 16. Qc1 a6 17. h3 Qc7 18. Bd2 Bc6 19. Ne1 ({White should play} 19. Na4) 19... Bxg2 $17 20. Nxg2 Nc6 {[%cal Bb4c6,Bc6a5,Ba5b3,Bb3d4,Bd4e2][%mdl 32]} 21. d5 Nxa5 {White must now prevent ...Nb3.} (21... Nxd5 $6 22. Nxd5 exd5 23. Bc3 $11) 22. Qc2 Nb3 (22... exd5 23. Nxd5 $1 {[%mdl 512]} Nxd5 24. Rxa5 $15) 23. Rxa6 {[#]} Qb7 $1 {[%cal Rb7a6]} (23... exd5 $6 24. Be3 $11) (23... Nxd5 $6 24. Nxd5 exd5 25. Be3 $11) 24. Ra4 (24. Ra3 $17) 24... Nd4 $19 ({Weaker is} 24... Nxd5 25. Nxd5 Qxd5 26. Rxc4 $11) ({Less strong is} 24... exd5 25. Be3 $11) 25. Qb1 Nxd5 {[%mdl 64] Overworked Piece} 26. Nxd5 Nxe2+ (26... Qxd5 27. Nf4 $19) 27. Kh2 Qxd5 ({Much less strong is} 27... exd5 28. Rb4 $19) 28. Be3 {[#]} Rxb2 $1 {[%mdl 576] Deflection} 29. Qxb2 $2 (29. Qa1 Qb5 30. Ra7) 29... Qxd1 {[%csl Ge2][%cal Rd1g1] Black is clearly winning.} 30. Ra1 c3 {[%cal Bc4c3,Bc3c2][%mdl 32]} 31. Qa2 c2 32. Qa4 Nc3 33. Qa7 Bf6 34. Nf4 Nb5 {Accuracy: White = 29%, Black = 58%.} 0-1

[Event "17th Asian Continental-ch Open 2018"]
[Site "Makati City"]
[Date "2018.12.10"]
[Round "1.25"]
[White "Gagare, Shardul"]
[Black "Pangilinan, Stephen Rome"]
[Result "1-0"]
[WhiteElo "2504"]
[BlackElo "2276"]
[Annotator "TA"]
[PlyCount "97"]
[EventDate "2018.12.07"]
[EventType "swiss"]
[EventRounds "9"]
[EventCountry "PHI"]

{[%evp 15,97,61,66,54,57,57,66,66,105,85,86,72,72,79,90,95,100,70,68,47,76,16,84,84,97,102,95,103,120,119,205,205,210,212,208,187,188,170,256,171,187,183,243,177,393,381,381,383,362,360,495,497,446,258,298,301,251,220,216,219,197,212,199,199,397,397,722,676,772,669,581,480,1093,1227,29986,29987,29987,29988,29988,29989,29989,29990,29990,29991]} 1. Nf3 Nf6 2. g3 b6 3. Bg2 Bb7 4. O-O e6 5. c4 Be7 6. d4 d6 7. Nc3 Nbd7 {E17: Queen's Indian: 4 g3 Bb7 5 Bg2 Be7} 8. d5 e5 {LiveBook: 11 Games} 9. Nh4 g6 {White is slightly better.} 10. e4 Ng8 $146 ({Predecessor:} 10... Bf8 11. f4 Bg7 12. f5 O-O 13. Qe2 Ne8 14. Bd2 c6 15. dxc6 Bxc6 {1-0 (30) Romanishin,O (2433)-Winiarski,M (2209) Warsaw 2016}) 11. Nf3 Bf6 12. Be3 Ne7 13. b4 a5 14. a3 Ba6 15. Nb5 O-O 16. Bd2 Bg7 17. Qc1 Re8 18. Rb1 (18. bxa5 $16 bxa5 19. Be3) 18... Bc8 (18... Nf6 $11) 19. bxa5 Nc5 20. axb6 cxb6 21. Qc2 f5 22. Ng5 $36 {[%mdl 2048] White is really pushing.} h6 (22... fxe4 $16 23. Nxe4 (23. Bxe4 Bh6 $16) 23... Nf5) 23. Ne6 $1 $18 {[%cal Re6d8]} Nxe6 24. dxe6 Bxe6 25. Bb4 Nc6 26. exf5 Nxb4 (26... Bxf5 {might work better.} 27. Qd1 Nd4) 27. axb4 ({Don't play} 27. Rxb4 $6 Bxf5 28. Qd1 e4 $16) 27... Bxf5 28. Be4 Rf8 (28... d5 $142 29. Bxf5 (29. cxd5 Rc8 $16) 29... gxf5) 29. Qd3 Ra2 $2 (29... Bxe4 30. Qxe4 d5 31. cxd5 (31. Qxg6 dxc4 32. Qe6+ Kh8 $16) 31... Qd7) 30. Bxf5 Rxf5 31. Qd5+ Kh7 32. Nxd6 Rh5 {Threatening ...e4.} 33. c5 Ra7 34. Rfd1 (34. Qe4 $142) 34... bxc5 35. bxc5 e4 36. Qxe4 Rxc5 {[#]} 37. Nb7 $1 {[%mdl 64] Double Attack, Discovered Attack} Re5 {[#]} 38. Qxg6+ $1 {[%mdl 512]} Kxg6 39. Nxd8 {Black must now prevent Nc6.} Ra2 $2 (39... Ra6 40. h4 Re4) 40. Rd6+ Kf5 $2 (40... Bf6 41. Ne6 Ra7) 41. Rb7 {Hoping for Rf7+.} Re1+ 42. Kg2 Be5 43. Rf7+ Kg5 (43... Ke4 $142) 44. Re6 Bc3 45. Rc6 {White mates.} Bd4 46. h4+ Kh5 47. Rf5+ Kg4 48. Rf4+ {[%mdl 64] Double Attack} Kh5 49. g4+ {Accuracy: White = 60%, Black = 34%.} 1-0

[Event "17th Asian Continental-ch Open 2018"]
[Site "Makati City"]
[Date "2018.12.10"]
[Round "1.26"]
[White "Gong, Daniel Hanwen"]
[Black "Bilguun, Sumiya"]
[Result "0-1"]
[WhiteElo "2270"]
[BlackElo "2497"]
[Annotator "TA"]
[PlyCount "44"]
[EventDate "2018.12.07"]
[EventType "swiss"]
[EventRounds "9"]
[EventCountry "PHI"]

{[%evp 9,44,0,10,0,14,12,17,4,46,47,55,33,50,38,52,29,28,32,56,0,22,-479,-470,-629,0,0,0,-327,-336,-539,-533,-1768,-1720,-1566,-1549,-29989,-29990]} 1. e4 c5 2. Nc3 a6 3. d4 (3. Nf3 d6 4. d4 cxd4 5. Nxd4 Nf6 6. Be3 Ng4 7. Bg5 h6 8. Bc1 Nc6 9. Nxc6 bxc6 10. Be2 Nf6 11. O-O e5 12. Bc4 Be7 13. Qd3 O-O 14. b3 Qc7 15. Qg3 Nh5 {0-1 (49) Dubov,D (2703)-Artemiev,V (2706) Sochi 2018}) 3... cxd4 4. Qxd4 Nc6 5. Qe3 Nf6 6. Bd2 $146 {B23: Closed Sicilian: Lines without g3} ({Predecessor:} 6. Bc4 d6 7. f4 e6 8. Nf3 Be7 9. Qe2 d5 10. Bd3 dxe4 11. Nxe4 {0-1 (29) Eriksen,M (1875)-Hansen,T (2440) Tromsoe 2009}) 6... g6 7. e5 Ng4 $1 {[%csl LRe3,LRe5]} 8. Qg3 $1 {[%cal Rg3g4] The position is equal.} d6 9. exd6 Bg7 10. h3 Nf6 11. O-O-O O-O 12. Bg5 Qa5 13. Bxf6 Bxf6 14. d7 (14. Bc4 $1 $14) 14... Nb4 15. dxc8=Q $4 {[%mdl 8192]} (15. a3 Bxd7 16. Rxd7 Bxc3 $17) (15. Bc4 $11) 15... Raxc8 $19 16. Nge2 {[#]} Qf5 $2 ({Stronger than} 16... Nxa2+ 17. Nxa2 Qxa2 18. Qa3 $16) (16... Qxa2 $1 $19 {[%mdl 512]} 17. Nd4 {[#]} (17. Nxa2 $2 {leads to mate.} Rxc2+ {[%mdl 64] Double Attack} 18. Kb1 Rxb2+ {[%mdl 64] Double Attack} 19. Kc1 Nxa2#) 17... Bxd4 $1 {[%mdl 512]} 18. Rxd4 Qa1+ 19. Kd2 Qxb2 20. Rxb4 Qxb4) 17. Rd2 $1 $11 {a3 is the strong threat.} Rfd8 $40 {[%mdl 128] Black attacks.} (17... Bg5 $2 18. f4 $18) 18. Qg4 $2 {[%mdl 8192]} (18. Qe3 $1 $11 {and White has nothing to worry.} Rxd2 19. Qxd2) 18... Qxf2 $19 {( -> ...Qe1+)} ({Don't blunder} 18... Bg5 $2 19. f4 $18) 19. Qg3 $2 (19. Nd4 Qe3 20. Qe2 Bxd4 21. a3 Nxc2 22. Kxc2 Rxc3+ 23. Kb1) 19... Qf5 20. Rd3 Nxd3+ 21. cxd3 Rxd3 22. Qg4 Bg5+ {Accuracy: White = 22%, Black = 50%.} 0-1

[Event "17th Asian Continental-ch Open 2018"]
[Site "Makati City"]
[Date "2018.12.10"]
[Round "1.27"]
[White "Liu, Yan"]
[Black "Schain, Randolph"]
[Result "1-0"]
[WhiteElo "2495"]
[BlackElo "2229"]
[Annotator "TA"]
[PlyCount "89"]
[EventDate "2018.12.07"]
[EventType "swiss"]
[EventRounds "9"]
[EventCountry "PHI"]

{[%evp 14,89,38,37,51,36,81,89,92,91,95,68,77,82,114,93,175,144,144,145,144,147,279,264,264,224,253,245,241,247,287,289,364,366,347,305,422,412,413,391,393,312,323,324,317,317,325,322,327,322,329,320,363,344,369,352,379,375,622,606,613,609,604,575,796,781,1049,1039,1019,1072,893,938,1102,1064,5513,5030,5010,5014]} 1. Nf3 Nf6 2. c4 d6 3. d4 g6 4. g3 Bg7 5. Bg2 O-O 6. O-O c5 7. b3 Nc6 8. Bb2 {LiveBook: 590 Games} Qc7 {E60: King's Indian: Unusual lines and Fianchetto Variation without Nc3} (8... cxd4 9. Nxd4 Bd7 10. Nc3 Nxd4 11. Qxd4 Bc6 12. Rfd1 Qa5 13. Qd2 Bxg2 14. Kxg2 Rfc8 15. f3 a6 16. g4 Kf8 17. a4 Qb4 18. Qc2 Qc5 19. a5 h5 {0-1 (52) Jobava,B (2690)-Shimanov,A (2641) chess.com INT 2018}) 9. Nc3 Bf5 $146 ({Predecessor:} 9... a6 10. Qd2 Bf5 11. d5 Ne5 12. Nxe5 dxe5 13. e4 Bd7 14. f4 Ne8 15. Ne2 f5 16. Bxe5 Bxe5 17. fxe5 Qxe5 {½-½ (55) Steiner,S (2233)-Kratschmer,H (2056) Lienz 2007}) 10. d5 Ne5 {White is better.} 11. Nxe5 dxe5 12. d6 exd6 13. Nb5 Qe7 14. Qxd6 Rfe8 (14... Rae8 $16) 15. Qxe7 Rxe7 16. Ba3 Rd7 17. Bxc5 Rd2 (17... Be4 $16 {was necessary.} 18. Rad1 (18. Bxa7 Rd2 $16) 18... Bxg2 19. Kxg2 a6) 18. Bxb7 $18 Rb8 19. Be3 Rxe2 20. Bf3 Rxe3 21. fxe3 e4 22. Be2 ({Worse is} 22. Nxa7 exf3 23. Rxf3 Be4 $17) 22... Ng4 23. Bxg4 $1 Bxg4 24. Rac1 ({Not} 24. Nxa7 Bxa1 25. Nc6 (25. Rxa1 Bd7 $18) 25... Rb6 $18) 24... Rd8 25. c5 Bh6 26. Rc3 Be2 27. Nd6 Bxf1 28. Kxf1 {[%mdl 4096] Endgame KRB-KRN} Bg7 29. Rc2 ({Stronger than} 29. Nxe4 Bxc3 30. Nxc3 Rd2 $17) 29... Be5 30. Nxe4 f5 31. Nf2 Kf7 32. Ke2 Ke6 33. Nd3 Bc7 34. b4 {[%cal Bb3b4,Bb4b5][%mdl 32]} Kd5 35. b5 g5 $2 {[#]} (35... Ba5 36. a4 Re8 37. Nf4+ Ke5) 36. Nb4+ {White is clearly winning.} Ke6 37. Nc6 Ra8 38. a4 {[%cal Ba2a4,Ba4a5,Ba5b6][%mdl 32]} h5 39. a5 f4 40. gxf4 gxf4 41. b6 axb6 42. axb6 Kd7 43. Na7 Be5 44. c6+ {[%cal Bc5c6,Bc6c7][%mdl 32]} Ke6 45. c7 {Accuracy: White = 91%, Black = 25%.} 1-0

[Event "17th Asian Continental-ch Open 2018"]
[Site "Makati City"]
[Date "2018.12.10"]
[Round "1.28"]
[White "Song, Yuxin"]
[Black "Priasmoro, Novendra"]
[Result "1/2-1/2"]
[WhiteElo "2206"]
[BlackElo "2483"]
[PlyCount "121"]
[EventDate "2018.12.07"]
[EventType "swiss"]
[EventRounds "9"]
[EventCountry "PHI"]
[TimeControl "40/5400+30:1800+30"]

1. e4 g6 2. d4 Bg7 3. Nc3 c6 4. Bc4 b5 5. Bb3 b4 6. Nce2 Nf6 7. e5 Nd5 8. Nf4 Nxf4 9. Bxf4 a5 10. c3 bxc3 11. bxc3 O-O 12. Nf3 d6 13. O-O Bg4 14. h3 dxe5 15. dxe5 Qxd1 16. Rfxd1 Bxf3 17. gxf3 Na6 18. Rd7 e6 19. Rd6 Nc5 20. Bc2 Rfc8 21. Be3 Na6 22. f4 Bf8 23. Rd7 Nc5 24. Rdd1 Rab8 25. Rab1 Be7 26. Rxb8 Rxb8 27. Rb1 Rxb1+ 28. Bxb1 Na4 29. Bd2 Ba3 30. Be4 c5 31. Bc6 Nb6 32. Kg2 Nc4 33. Be3 f6 34. Bb5 Nxe3+ 35. fxe3 fxe5 36. fxe5 Bb2 37. c4 Bxe5 38. a4 Kf7 39. Bd7 Kf6 40. Kf3 Kf5 41. Bc6 Bc3 42. Be8 Bd2 43. Ke2 Bc1 44. Kf3 Ke5 45. Bf7 Kd6 46. Bg8 Ke7 47. Ke4 Kf6 48. Kf3 h5 49. Ke4 Bb2 50. Kf4 Be5+ 51. Kf3 Bd6 52. Ke4 Bf8 53. Kf4 Bh6+ 54. Ke4 g5 55. Kf3 Ke5 56. Bf7 g4+ 57. hxg4 h4 58. Be8 h3 59. Bc6 h2 60. Kf2 Bg5 61. Bh1 1/2-1/2